000
00321nam a22001337a 4500
999
_c
13874
_d
13874
020
_a
978-0136042594
082
_a
006.3
100
_a
Stuart Russell & Peter Norvig
245
_a
Artificial Intelligence: A Modern Approach
250
_a
4th edition
260
_a
UK
_b
Pearson
_c
2022
300
_a
1152 pages
942
_c
BK